Business / (Record no. 28641)

000 -LEADER
fixed length control field 01184cam a2200337 a 4500
001 - CONTROL NUMBER
control field 13277793
005 - DATE AND TIME OF LATEST TRANSACTION
control field 20170310151401.0
008 - FIXED-LENGTH DATA ELEMENTS--GENERAL INFORMATION
fixed length control field 030716s2005 mau a 000 0 eng
010 ## - LIBRARY OF CONGRESS CONTROL NUMBER
LC control number 2003110108
020 ## - INTERNATIONAL STANDARD BOOK NUMBER
International Standard Book Number 0618372296 (lib. ed.)
020 ## - INTERNATIONAL STANDARD BOOK NUMBER
International Standard Book Number 061837230X (student text)
035 ## - SYSTEM CONTROL NUMBER
System control number (DLC) 2003110108
040 ## - CATALOGING SOURCE
Original cataloging agency DLC
Transcribing agency DLC
Modifying agency DLC
043 ## - GEOGRAPHIC AREA CODE
Geographic area code n-us---
050 00 - LIBRARY OF CONGRESS CALL NUMBER
Classification number HD70.U5
Item number P68 2005
100 1# - MAIN ENTRY--PERSONAL NAME
Personal name Pride, William M.,
Dates associated with a name 1942-
245 10 - TITLE STATEMENT
Title Business /
Statement of responsibility, etc. William M. Pride, Robert J. Hughes, Jack R. Kapoor.
250 ## - EDITION STATEMENT
Edition statement 8th ed.
260 ## - PUBLICATION, DISTRIBUTION, ETC. (IMPRINT)
Place of publication, distribution, etc. Boston :
Name of publisher, distributor, etc. Houghton Mifflin Co.,
Date of publication, distribution, etc. c2005.
300 ## - PHYSICAL DESCRIPTION
Extent xxxii, 667, [95] p. :
Other physical details ill. ;
Dimensions 28 cm.
650 #0 - SUBJECT ADDED ENTRY--TOPICAL TERM
Topical term or geographic name as entry element Industrial management
Geographic subdivision United States.
650 #0 - SUBJECT ADDED ENTRY--TOPICAL TERM
Topical term or geographic name as entry element Business enterprises
Geographic subdivision United States.
650 #0 - SUBJECT ADDED ENTRY--TOPICAL TERM
Topical term or geographic name as entry element Business.
650 #0 - SUBJECT ADDED ENTRY--TOPICAL TERM
Topical term or geographic name as entry element Management.
700 1# - ADDED ENTRY--PERSONAL NAME
Personal name Hughes, Robert James,
Dates associated with a name 1946-
700 1# - ADDED ENTRY--PERSONAL NAME
Personal name Kapoor, Jack R.,
Dates associated with a name 1937-
906 ## - LOCAL DATA ELEMENT F, LDF (RLIN)
a 7
b cbc
c orignew
d 2
e epcn
f 20
g y-gencatlg
942 ## - ADDED ENTRY ELEMENTS (KOHA)
Source of classification or shelving scheme
Koha item type Hard Covered Materials
Classification part HD 70 .U5P75 2005
Holdings
Withdrawn status Lost status Source of classification or shelving scheme Damaged status Not for loan Home library Current library Shelving location Date acquired Source of acquisition Total Checkouts Full call number Barcode Date last seen Price effective from Koha item type
          MACHAKOS UNIVERSITY LIBRARY MACHAKOS UNIVERSITY LIBRARY Technical section 10/03/2017 Donation(BFA)   HD 70 .U5P75 2005 36594 11/07/2018 10/03/2017 Hard Covered Materials
© Machakos University Library, Along The Highway, Machakos Wote Rd, Machakos, Kenya P.O. Box 136 - 90100 Machakos - Kenya

Tel: ( +254 ) 723 805829 OR Fax : 044-20353 OR Email: library@mksu.ac.ke